| 000 | 00436pab a2200157 454500 | ||
|---|---|---|---|
| 008 | 180718b1988 xxu||||| |||| 00| 0 eng d | ||
| 100 | _aSega, Jeffrey A. | ||
| 245 |
_aThe supreme court and sex discrimination _bThe role of the Solicitor General |
||
| 260 | _c1988 | ||
| 300 | _a553-68 | ||
| 362 | _aSept. | ||
| 650 | _aSupreme Courts - U.S.A. | ||
| 700 | _aCheryl D. Reddy | ||
| 773 | _aWestern Political Quarterly | ||
| 909 | _a18618 | ||
| 999 |
_c18618 _d18618 |
||